01041nam a2200241Ia 4500001000600000003000900006008004100015040001300056040001300069041001300082100002200095100002900117245002000146245002000166250001100186260001100197260001500208260004900223300005700272500041100329650002800740650003100768G4550IT-RoPAU130308s9999 xx 000 0 und d aIT-RoPAU cIT-RoPAU aITALIANO aPecchioni Daniela gCodice Aut. SPICS: 54821 aKenneth Branagh bKenneth Branagh a1a ed. aMILANO bIl Castoro c2000 [1° Ed.:2000 - Ed.Ling.Originale:2000] a"144 p. (prefazione: no ; testo: 144 [pagine: 0-0])" aVita e Opere del regista Kenneth Branagh: un Irlandese Alla Corte di Shakespeare. Nasce a Belfast nel 1960. Attore e regista di Teatro, si Converte Giovanissimo al Cinema e Diventa Il Piu' Originale e Autorevole Interprete di William Shakespeare. tra I Suoi Film Ricordiamo: Enrico V (1990), molto rumore per nulla (1993), Amleto (1996), Pene d'amore Perdute (1999). Filmografia. Videografia. Bibliografia. aAUTORI/OPERE DEL CINEMA eCodice materia Spics: 6807